Statistics for Sheffield Wednesday Managers

Click here to take the quiz!

General Stats

  • This quiz has been taken 170 times
    (96 since last reset)
  • The average score is 11 of 22

Answer Stats

YearAnswer% Correct
2019Steve Bruce
75%
1997-1998Ron Atkinson
68%
1989-1991Ron Atkinson
68%
1991-1995Trevor Francis
65%
2011-2012Gary Megson
61%
1998-2000Danny Wilson
60%
2012-2013Dave Jones
59%
2015-2017Carlos Carvalhal
57%
1995-1997David Pleat
56%
1977-1983Jack Charlton
52%
2018Jos Luhukay
51%
2013-2015Stuart Gray
51%
2019 - PresentGarry Monk
48%
1983-1988Howard Wilkinson
48%
2000-2001Paul Jewell
44%
2006-2009Brian Laws
41%
2010-2011Alan Irvine
37%
2002-2004Chris Turner
37%
2001Peter Shreeves
37%
2004-2006Paul Sturrock
36%
2001-2002Terry Yorath
33%
1988-1989Peter Eustace
31%

Score Distribution

Percentile by Number Answered

Percent of People with Each Score

Your Score History

You have not taken this quiz since the last reset